| 000 | 00984nas a2200313 4500 | ||
|---|---|---|---|
| 001 | BR0808804 | ||
| 003 | BR-BrBNA | ||
| 005 | 20231205112558.0 | ||
| 007 | ta | ||
| 008 | 230509b bl.|||p| |||| 00| 00por d | ||
| 040 |
_aBR-BrBNA _bpor _cBiblioteca Nacional de Agricultura |
||
| 041 | _a(Pt) | ||
| 072 | _aL10 | ||
| 100 | 1 | _aSantos, P.F. | |
| 100 | 1 | _aMalhado, C.H.M. | |
| 100 | 1 | _aCarneiro, P.L.S. | |
| 100 | 1 | _aMartins Filho, R. | |
| 100 | 1 | _aAzevedo, D.M.M.R. | |
| 100 | 1 | _aMachado, C.H.C. | |
| 245 | 1 | _aTendência genética, fenotípica e ambiental para o peso ao desmame de bovinos da raça Indubrasil no estado da Bahia | |
| 650 | _aGADO DE CORTE | ||
| 650 | _aGANHO DE PESO | ||
| 650 | _aHEREDITARIEDADE | ||
| 650 | _aCONDIÇÃO AMBIENTAL | ||
| 650 | _aBAHIA | ||
| 773 | 0 |
_tRevista Científica de Produção Animal (Brazil) _xISSN 1415-563X _g(Jan-Jun 2007), v. 9(1) p. 18-24 _wBR0808804 |
|
| 909 |
_a202311 _bLúcia _c55 _dLúcia Elande |
||
| 942 |
_2AGRIS _n0 _cANA |
||
| 999 |
_c198767 _d198767 |
||